zpět

Detail výsledku týmu

Speciál UP, Olomouc

Datum a čas kvízu

33 Celkem bodů Celkový počet nahraných bodů na tomto kvízu bez doplňovacích otázek.
15. Pořadí na kvízu Konečné umístění týmu na tomto kvízu.

Zaznamenané odpovědi

# Otázka Odpověď Body Výsledky
1. V roce 1991 přibyly ke stávají... Právnická fakulta, Fakulta tělesné kultury 1
2. Zhruba v polovině července ozn... Ricky Martin 1
3. 16. srpna oslavila své pětašed... Sean Penn, Guy Ritchie 1
4. V letošním roce se na plátnech... Air 0
5. V roce 1996 si česká fotbalová... 1:2 0
6. Jak zní jméno muže, který obdr... Michail Gorbačov 0
7. V srpnu roku 1998 došlo po odv... Josef Klíma a Radek John 1
8. Ve kterém roce vydal Michael J... v roce 1991 1
9. V roce 1996 získal Oscara za n... Statečné srdce 1
10. A na závěr nás zajímá název as... O-Zone 1